Fichas de lenguaje y lectura comprensiva

Збережено в:
Бібліографічні деталі
Автор: Bustos Sánchez, Inés (Автор)
Формат: Книга
Мова:Іспанська
Опубліковано: Madrid CEPE 1987
Редагування:6a. ed
Серія:Colección Cuadernos de Recuperación
Предмети:
Теги: Додати тег
Немає тегів, Будьте першим, хто поставить тег для цього запису!

MARC

LEADER 00000nam a2200000 a 4500
001 UCZ6541
003 CL-VaPUC
008 951211e19870000SP |||||||||||||||||spa|d
082 0 4 |a 372.41  |b BUS  |2 21 
100 0 |a Bustos Sánchez, Inés  |e author  |9 350898 
245 1 0 |a Fichas de lenguaje y lectura comprensiva 
250 |a 6a. ed 
300 |a 199 p 
942 |c BK 
945 |d 19951211 00:00:00  |a cmena 
260 |a Madrid  |b CEPE  |c 1987 
650 0 |a Comprensión de lectura  |9 307588 
650 0 |a Comprensión   |9 339377 
650 0 |a Procesos de aprendizaje  |9 309161 
650 0 |a Lectura  |9 307634 
650 0 |a Orientación para la lectura  |9 334506 
583 |a last modification  |c 19951211 00:00:00  |k Rodrigo Vera 
490 0 |a Colección Cuadernos de Recuperación 
999 |c 242740  |d 242738 
952 |0 0  |1 0  |4 0  |6 372_410000000000000_BUS_1987  |7 0  |8 A  |9 255880  |a BIBEDU  |b BIBEDU  |d 2019-11-19  |i 1604643  |o 372.41 BUS 1987  |p 1604643  |r 2019-11-19  |w 2019-11-19  |y BK  |k EDU